000 01377cam a2200325 4500
008 010921n2001 000 0 eng u
020 _a0727730215
035 _a(Sirsi) u114707
041 _aeng
050 _a711.58
100 _aCarmona, Matthew
110 _aRoyal Town Planning Institute
_91206
245 _aWorking together : a guide for planners and housing providers
260 _aTonbridge
_bThomas Telford Publishing
_c2001
300 _a79p. : ill. ; 30cm.
350 _a25.00
520 _aExamines relationship between housing providers and planners. Aims to identify and explain motivations and constraints of the different groups and, through the assembly of good practice examples and five routes to better practice, demonstrates how the tensions inherent in house building can be overcome within a range of local settings and circumstances
650 _aHOUSING DEVELOPMENT
650 _aHOUSING PROVISION
650 _aPLANNING AUTHORITIES
650 _aPLANNING DEVELOPMENT
690 _aENVIRONMENTAL AND LAND CONSULTANCY-PLANNING AND DEVELOPMENT
700 _aCarmona, Sarah
700 _aGallent, Nick
710 _aHousing Corporation
710 _aHouse Builders Federation
_92233
710 _aNational Housing Federation
_9695
710 _aDepartment for Transport, Local Government and the Regions
_94091
942 _n0
999 _c101638
_d101638